| 000 | 00759nam a2200265 i 4500 | ||
|---|---|---|---|
| 001 | bg | ||
| 100 | 1 | _aOSTALCZYK, Piotr | |
| 245 | 1 | 0 |
_aThe one-sided Z-transform / _cPiotr Ostalczyk. |
| 260 |
_aLodz : _bTU, _c2002. |
||
| 300 |
_a331 s. : _bil. ; _c24 cm. |
||
| 490 | 1 | _aA Series of Monographs / Technical University of Lodz | |
| 500 | _aNr na grzb. oznacza kolejną poz. wydawniczą. | ||
| 504 | _aBibliogr. | ||
| 650 | 9 | _aAnaliza numeryczna | |
| 650 | 9 | _aFunkcje | |
| 650 | 9 | _aMetody różnicowe | |
| 830 | 0 | _aA Series of Monographs (Technical University of Lodz) | |
| 020 | _a8372830770 | ||
| 040 | _cBPK | ||
| 041 | 0 |
_aeng _bpol |
|
| 080 | _a517.9 | ||
| 920 | _a83-7283-077-0 | ||
| 942 | _cKS | ||
| 008 | s pl f |000 0 pol | ||
| 999 |
_c42790 _d42790 |
||
| 856 |
_uhttp://koha.tu.koszalin.pl/cgi-bin/koha/opac-detail.pl?biblionumber=42790 _yKatalog online BPK |
||